000 01218nab a22002537a 4500
999 _c6027
_d6027
003 OSt
005 20260116201408.0
008 190605e xxu||||| |||| 00| 0 spa d
040 _cPJ
100 _aDiego, Julián A. de
_91315
245 1 3 _aLa huelga en los servicios esenciales y en actividades de importancia trascendental /
_cJulián A. de Diego.
260 _aCiudad Autónoma de Buenos Aires :
_bThomson Reuters La Ley,
_c2025.
300 _ap. 5-12
500 _aCita Online: Cita: TR LALEY AR/DOC/1808/2025.
505 _aSumario: I. Introducción.— II. La naturaleza de la norma.— III. El contenido de la reforma del DNU 340/2025.— IV. Fallos cuestionando el DNU 340/2025.— V. Críticas y comentarios al DNU 340/2025.
505 _t¿Te interesa el texto completo? Solicitalo al correo: koha@justierradelfuego.gov.ar
650 0 _94564
_aDERECHO DE HUELGA
650 0 _95622
_aSERVICIOS ESENCIALES
650 0 _91341
_aHUELGA
650 0 _91340
_aMEDIDAS DE FUERZA
650 0 _aCONFLICTO COLECTIVO DE TRABAJO
_92153
773 0 _02711
_93168
_dCiudad Autónoma de Buenos Aires : Thomson Reuters La Ley, 1999-2002.
_tRevista de derecho del trabajo. Nº 5 - Septiembre 2025
942 _2udc
_cANA